MARC

LEADER 00000nam0a2200000 4500
001 49518
005 20231101211215.0
010 |a 571370100X 
035 |a (RuTPU)RU\TPU\book\51839 
035 |a RU\TPU\book\50393 
090 |a 49518 
100 |a 20030401d2001 km y0rusy50 ca 
101 0 |a rus 
102 |a RU 
105 |a af z 000zb 
200 1 |a АэроМастер * 3-4  |e Научно-популярный альманах о легкомоторной авиации  |f Авиационная корпорация 
210 |a Новосибирск  |c [Б. и.]  |d 2001 
215 |a 400 с.  |c ил. 
600 1 |a Гагарин  |b Ю. А.  |c российский летчик-космонавт  |c Герой Советского Союза  |f 1934-1968  |g Юрий Алексеевич  |2 stltpush  |3 (RuTPU)RU\TPU\pers\50  |9 33 
606 |a Авиастроение  |2 stltpush  |3 (RuTPU)RU\TPU\subj\106  |9 29139 
610 1 |a авиация 
610 1 |a летательные аппараты 
610 1 |a советская авиация 
610 1 |a история 
610 1 |a сверхлегкие самолеты 
610 1 |a расчеты 
610 1 |a автожир 
610 1 |a воздушный кодекс 
610 1 |a альманахи 
675 |a 629.73.002  |v 3 
712 0 2 |a Авиационная корпорация  |2 stltpush  |3 (RuTPU)RU\TPU\col\2441  |9 23681 
801 1 |a RU  |b 63413507  |c 20030306  |g PSBO 
801 2 |a RU  |b 63413507  |c 20180306  |g PSBO 
942 |c BK